GTA Characters - Statistics

General Stats
  • This quiz has been taken 449 times
    447 since last reset
  • The average score is 70 of 209
Answer Stats
Hint Answer % Correct
SA - Antagonist Frank Tenpenny
92%
5 - Protagonist Trevor Philips
88%
SA - Protagonist Carl Johnson
86%
5 - Protagonist Michael De Santa
86%
TLAD - Minor Jason Michaels
84%
5 - Protagonist Franklin Clinton
81%
SA - Boss Big Smoke
76%
LCS - Boss Ma Cipriani
76%
TLAD - Boss Thomas Stubbs
75%
4 - Protagonist Niko Bellic
73%
3 - Protagonist Claude
69%
2 - Protagonist Claude Speed
69%
SA - Boss Ryder
67%
SA - Boss Sweet Johnson
67%
4 - Boss Jon Gravelli
66%
VC - Protagonist Tommy Vercetti
66%
TLAD - Boss Jim Fitzgerald
64%
SA - Minor Jimmy Hernandez
64%
5 - Boss Lamar Davis
62%
5 - Minor Jimmy De Santa
61%
SA - Boss | VC - Boss Ken Rosenberg
61%
5 - Minor Amanda De Santa
60%
TBOGT - Boss Tony Prince
60%
3 - Antagonist | SA - Boss Catalina
59%
5 - Antagonist Devin Weston
59%
4 - Boss Jimmy Pegorino
59%
4 - Boss Roman Bellic
59%
5 - Antagonist Steve Haines
59%
5 - Boss Dave Norton
57%
VC - Boss | VCS - Boss Lance Vance
57%
VC - Minor Steve Scott
57%
5 - Minor Tracey De Santa
57%
TLAD - Protagonist Johnny Klebitz
55%
5 - Boss Lester Crest
54%
CW - Boss Lester Leroc
54%
VCS - Protagonist Victor Vance
52%
LCS - Boss | SA - Boss Salvatore Leone
51%
SA - Boss Cesar Vialpando
50%
A - Protagonist Mike
50%
SA - Boss Mike Toreno
50%
5 - Minor Ron Jakowski
50%
London - Protagonist Johnny Hawtorn
49%
A - Boss Jonnie
49%
TBOGT - Protagonist Luis Lopez
49%
VC - Antagonist Sonny Forelli
48%
LCS - Protagonist Toni Cipriani
48%
3 - Boss Salvatore Leone
47%
SA - Boss OG Loc
46%
SA - Minor Eddie Pulaski
45%
4 - Boss Phil Bell
45%
TBOGT - Antagonist Ray Bulgarin
45%
5 - Minor Wade Hebert
45%
CW - Boss Wade Heston
45%
SA - Minor Kendl Johnson
44%
5 - Boss Martin Madrazo
44%
5 - Antagonist Wei Cheng
44%
CW - Boss Wu Kenny Lee
44%
4 - Antagonist Dimitri Rascalov
43%
4 - Boss Ray Boccino
43%
3 - Boss Toni Cipriani
43%
TLAD - Minor Angus Martin
42%
SA - Minor | VC - Boss Kent Paul
42%
4 - Boss Patrick McReary
42%
VCS - Boss Ricardo Diaz
42%
5 - Antagonist Stretch
42%
4 - Girlfriend Michelle
41%
LCS - Minor | VCS - Boss Phil Cassidy
41%
3 - Boss | LCS - Minor Ray Machowski
41%
SA - Boss The Truth
41%
SA - Boss Wu Zi Mu
41%
3 - Minor | LCS - Boss Maria Latore
40%
VC - Minor Phil Cassidy
40%
4 - Boss Little Jacob
39%
A - Boss Asuka Kasen
37%
3 - Boss | LCS - Boss Donald Love
37%
4 - Girlfriend Kate McReary
37%
3 - Boss Luigi Goterelli
37%
VC - Minor Mercedes Cortez
37%
SA - Minor T-Bone Mendez
37%
3 - Boss Asuka Kasen
36%
4 - Boss Vladimir Glebov
36%
3 - Minor | A - Boss | LCS - Minor 8-Ball
35%
VC - Boss Ricardo Diaz
35%
SA - Boss Jizzy B
34%
4 - Boss Mikhail Faustin
34%
4 - Boss Playboy X
34%
4 - Boss Francis McReary
33%
CW - Protagonist Huang Lee
33%
3 - Boss Joey Leone
33%
VC - Boss Juan Cortez
33%
SA - Boss Madd Dogg
33%
5 - Minor Tao Cheng
33%
SA - Boss Zero
33%
TLAD - Antagonist Billy Grey
32%
5 - Boss Simeon Yetarian
32%
LCS - Minor Avery Carrington
31%
VCS - Antagonist Jerry Martinez
31%
3 - Boss Kenji Kasen
31%
VCS - Boss Armando Mendez
30%
VC - Boss Avery Carrington
30%
4 - Boss Brucie Kibbutz
30%
4 - Boss Derrick McReary
30%
4 - Boss Dwayne Forge
30%
5 - Boss Solomon Richards
30%
4 - Boss Gerry McReary
29%
VCS - Boss Bryan Forbes
28%
VCS - Boss Marty Jay Williams
28%
5 - Minor Molly Schultz
28%
1 - SA Boss | 3 - Payphone El Burro
27%
3 - Payphone | A - Boss King Courtney
27%
3 - Minor Miguel
27%
LCS - Boss Vincenzo Cilli
27%
VCS - Boss Diego Mendez
26%
SA - Minor Maccer
26%
3 - Payphone Marty Chonks
26%
TLAD - Minor Brian Jeremy
25%
VCS - Boss Umberto Robina
25%
TLAD - Minor Clay Simons
24%
VCS - Boss Louise Cassidy-Williams
24%
4 - Minor Mallorie Bardas
24%
VC - Minor Umberto Robina
24%
TBOGT - Minor Armando Torres
23%
VC - Minor Auntie Poulet
23%
5 - Minor Brad Snider
23%
4 - Boss Manny Escuela
23%
4 - Boss Elizabeta Torres
22%
LCS - Boss Leon McAffrey
22%
TBOGT - Minor Rocco Pelosi
22%
TLAD - Minor Ashley Butler
21%
4 - Boss Bernie Crane
21%
3 - Minor Misty
21%
TLAD - Minor Terry Thorpe
21%
TBOGT - Boss Yusuf Amir
21%
5 - Minor Lazlow Jones
20%
4 - Minor Darko Brevic
18%
A - Boss Vinnie
18%
1 - Protagonist Bubba
17%
LCS - Boss Toshiko Kasen
17%
4 - Boss United Liberty Paper
17%
3 - Payphone D-Ice
16%
LCS - Minor Kazuki Kasen
16%
LCS - Antagonist Massimo Torini
16%
VC - Minor Mitch Baker
16%
TBOGT - Minor Gracie Ancelotti
15%
London - Boss Jack Parkinson
15%
LCS - Boss JD O'Toole
15%
London - Protagonist Mick Casey
15%
TBOGT - Boss Mori Kibbutz
15%
4 - Girlfriend Alex Chilton
14%
VCS - Boss Gonzalez
14%
TBOGT - Minor Henrique Bardas
14%
4 - Girlfriend Carmen Ortiz
13%
CW - Boss Chan Jaoming
13%
1 - Protagonist Katie
13%
4 - Girlfriend Kiki Jenkins
13%
London - Boss Harold Cartwright
12%
VCS - Boss Reni Wassulmaier
12%
1 - Protagonist Troy
11%
A - Boss Cisco
10%
London - Protagonist Rodney Morash
10%
London - Protagonist Sid Vacant
10%
CW - Boss Zhou Ming
10%
London - Boss Albert Crisp
9%
1 - Protagonist Divine
9%
CW - Boss Hsin Jaoming
9%
London - Protagonist Charles Jones
8%
1 - Protagonist Kivlov
8%
1 - Protagonist Mikki
8%
LCS - Minor Miles O'Donovan
8%
LCS - Boss Ned Burner
8%
TBOGT - Minor Timur
8%
1 - Protagonist Travis
8%
London - Protagonist Winston Henry
8%
CW - Boss Xin Shan
8%
London - Boss Archie Crisp
7%
2 - Russian Mafia Jerkov
7%
TLAD - Minor Malc
7%
London - Protagonist Maurice Caine
7%
2 - Zaibatsu Red Valdez
7%
CW - Boss Rudy D'Avanzo
7%
2 - Zaibatsu Trey Walsh
7%
1 - Protagonist Ulrika
7%
1 - SA Boss Uncle Fu
7%
1 - VC Boss Brother Marcus
6%
2 - Loonies Elmo
6%
1 - VC Boss Samuel Deever
6%
London - Protagonist Wolfie Vilans
6%
1 - LC Boss Bubby
5%
2 - Scientists Dr. LaBrat
5%
2 - Yakuza Johnny Zoo
5%
CW - Boss Melanie Mallard
5%
TLAD - Boss Ray Boccino
5%
2 - Zaibatsu Uno Carb
5%
2 - Rednecks Billy Bob Bean
4%
TLAD - Boss Elizabeta Torres
4%
2 - Hare Krishna Sunbeam
4%
No matching quizzes found
Score Distribution
Percent of People with Each Score
Percentile by Number Answered
Your Score History
You have not taken this quiz since the last reset